Statystyki dla Nazwij pasującą stolicę #2

Kliknij tutaj aby rozwiązać quiz!

Ogólne statystyki

  • Ten quiz został rozwiązany 8 739 razy
  • Średni wynik to 9 z 17

Statystyki odpowiedzi

Nazwij stolicę...Stolica% Poprawnych
która ma literę "Z" w swojej nazwie:Abu Zabi | Aszchabad | Biszkek | Brazzaville | Budapeszt | Bukareszt | Damaszek | Duszanbe | Jerozolima | Kapsztad | Kinszasa | Kiszyniów | La Paz | Lizbona | Mogadiszu | Nawakszut | Nikozja | Prisztina | Rzym | Sztokholm | Taszkent | Vaduz | Warszawa | Waszyngton | Zagrzeb
90%
która ma dwa słowa w nazwie i zaczyna się na "San":San José | San Marino | San Salvador | Santo Domingo
89%
która zaczyna się na literę "O":Oslo | Ottawa
82%
która jest wspomniana w Starym Testamencie"Damaszek | Jerozolima
68%
która leży mniej niż 75 kilometrów od innej stolicy państwa:Amman | Bratysława | Brazzaville | Jerozolima | Kinszasa | Rzym | Watykan | Wiedeń
55%
która ma szerokość geograficzną poniżej 30° na południe:Canberra | Buenos Aires | Montevideo | Kapsztad | Santiago | Wellington
55%
która leży na wyspie w Karaibach:Basseterre | Bridgetown | Castries | Hawana | Kingston | Kingstown | Nassau | Port-au-Prince | Port-of-Spain | Roseau | Saint George's | Saint John’s | Santo Domingo
51%
która ma średnią dzienną temperaturę na poziomie co najmniej 33° Celsjusza:
Abu Zabi | Abudża | Bamako | Bangkok | Chartum | Dżibuti | Dżuba | Kuwejt | Maskat | Ndżamena | Niamey | Panama | Rijad | Wagadugu
48%
która nie jest jedyną stolicą swojego państwa:Bloemfontein | Kapsztad | La Paz | Pretoria | Sucre
48%
która nie jest jednym z 5 największych miast swojego państwa:
Bloemfontein | Canberra | Islamabad | Rabat | Sri Dźajawardanapura Kotte | Sucre | Valletta | Waszyngton
47%
która ma widok na Kaukaz:
Baku | Erywań | Tbilisi
45%
w której mieszka cesarz:Tokio
44%
która leży poniżej poziomu morza:Amsterdam | Baku
42%
która ma widok na Himalaje:Islamabad | Katmandu | Thimphu
38%
z którego może wyruszyć statek bezpośrednio na południe i bez napotkania żadnego innego lądu dopłynąć do Antarktydy:
Akra | Dakar | Kapsztad | Konakry | Lima | Lomé | Monrovia | Montevideo | Wellington
37%
której nazwa jest jednym z 200 najpopularniejszych imion nadawanym dzieciom w USA w 2021 roku:
Kingston | Santiago | Sofia | Victoria
23%
które miało kiedyś (i już nie ma) najwyższy budynek na świecie:
Kuala Lumpur | Londyn | Tajpej
23%

Rozkład punktacji

Percentyl według liczby udzielonych odpowiedzi

Procent ludzi z każdym wynikiem

Twoja historia wyników

Nie rozwiązałeś tego quizu